Cases in Indian administration. (Record no. 55847)

MARC details
000 -LEADER
fixed length control field 00592cam a22001931 4500
001 - CONTROL NUMBER
control field sa 63004778
003 - CONTROL NUMBER IDENTIFIER
control field DLC
005 - DATE AND TIME OF LATEST TRANSACTION
control field 20260227111951.0
008 - FIXED-LENGTH DATA ELEMENTS--GENERAL INFORMATION
fixed length control field 080414s1963 ii 000 0 eng
010 ## - LIBRARY OF CONGRESS CONTROL NUMBER
LC control number sa 63004778
040 ## - CATALOGING SOURCE
Original cataloging agency DLC
Transcribing agency CarP
Modifying agency DLC
050 00 - LIBRARY OF CONGRESS CALL NUMBER
Classification number JQ231
Item number .I55
110 2# - MAIN ENTRY--CORPORATE NAME
Corporate name or jurisdiction name as entry element Indian Institute of Public Administration.
Subordinate unit Committee on Case Studies.
245 10 - TITLE STATEMENT
Title Cases in Indian administration.
260 ## - PUBLICATION, DISTRIBUTION, ETC.
Place of publication, distribution, etc. New Delhi
Date of publication, distribution, etc. [1963]
300 ## - PHYSICAL DESCRIPTION
Extent xx, 261 p.
Dimensions 23 cm.
651 #0 - SUBJECT ADDED ENTRY--GEOGRAPHIC NAME
Geographic name India
General subdivision Politics and government
Chronological subdivision 1947-
Form subdivision Case studies.
650 #0 - SUBJECT ADDED ENTRY--TOPICAL TERM
Topical term or geographic name entry element Public administration
Form subdivision Case studies.

No items available.

Powered by Koha